Správa o vývoji hospodárstva v okrese Dolný Kubín za január až december ...

Bibliographic Details
Corporate Author: Slovensko. Štatistický úrad. Okresné oddelenie Dolný Kubín
Format: Journal
Language:Slovak
PhysicalDescription:zv. grafy, tab. 21 cm
Published: Dolný Kubín Štatistický úrad SR
Series:Bulletin
Subjects:

MARC

LEADER 00000cas a2200000 a 4500
001 vtls001281921
003 SK-MaSNL
005 20260228163700.0
008 160414d199u199uxo ar p 0 0 0slo
015 |a SNBE1997/0200691 
035 |a SNK000233352 
040 |a SNK  |b slo  |c SNK  |e AACR2 
041 0 |a slo 
043 |a e-xo--- 
044 |a xo  |c SK 
072 7 |a 33  |x Ekonómia  |2 konspekt 
080 |a 330.34  |2 2011 
080 |a (437.641)  |2 2011 
080 |a (048.8:083.41)  |2 2011 
080 |a (036)  |2 2011 
110 1 |a Slovensko.  |b Štatistický úrad.  |b Okresné oddelenie Dolný Kubín  |9 158192 
245 1 0 |a Správa o vývoji hospodárstva v okrese Dolný Kubín za január až december ... 
246 1 3 |a Správa o vývoji hospodárstva v okrese Dolný Kubín (podľa pôvodného územno-správneho členenia) za január až december ...  |f 1996 
260 |a Dolný Kubín  |b Štatistický úrad SR 
300 |a zv.  |b grafy, tab.  |c 21 cm 
310 |a 1x ročne 
490 1 |a Bulletin 
500 |a Popis podľa: r. 1993 
500 |a Súčasťou názvu je označenie kalendárneho roku 
650 0 7 |a ekonomický rozvoj  |2 SNKPH  |9 49952 
651 0 7 |a Dolný Kubín (Slovensko : okres)  |2 SNKPH  |9 56261 
655 7 |a štatistické prehľady  |2 SNKPH  |9 70689 
655 7 |a informačné publikácie  |2 SNKPH  |9 70181 
830 |a Bulletin  |9 274137 
910 |a snk 
999 |c 10255  |d 12185 
952 |0 0  |1 0  |4 0  |7 0  |8 0  |a SNK  |b SNK  |d 1997-04-07  |i snkKSP 3491/97  |l 0  |o snkČSD 1949/K/1996  |p 17A0054610  |r 2005-01-02 00:00:00  |w 2026-02-21  |y PREZ 
952 |0 0  |1 0  |4 0  |7 0  |8 0  |a SNK  |b SNK  |d 2019-09-20  |i snk2019/23472  |l 0  |o snkČSD 1949/K/1994  |p 17A1370645  |r 2026-02-21 21:52:16  |w 2026-02-21  |y PREZ 
952 |0 0  |1 0  |4 0  |7 0  |8 0  |a SNK  |b SNK  |d 2019-09-20  |i snk2019/23481  |l 0  |o snkČSD 1949/K/1995  |p 17A1370646  |r 2026-02-21 21:52:16  |w 2026-02-21  |y PREZ 
952 |0 0  |1 0  |4 0  |7 0  |a SNK  |b SNK  |d 2019-01-09  |i snkKSP 4966/94  |l 0  |o snkČSD 1949/K/1993  |p 17A0882193  |r 2026-02-21 22:20:34  |w 2026-02-21  |y PREZ